Orquídea salvaje = Wild Orchid /

Zapisane w:
Opis bibliograficzny
1. autor: King, Zalman (realización)
Kolejni autorzy: Knop, Patricia Louisianna (guión) (guión), King, Zalman (guión) (guión), Tattersall, Gale (fotógrafo) (fotógrafo), Grossman, Marc (montaje) (montaje), Morgan, Glenn (montaje) (montaje), MacCormack, Geoff (música) (música), Goldenberg, Simon (música) (música), Rourke, Mickey (actuación) (actuación), Bisset, Jacqueline (actuación) (actuación), Otis, Carré (actuación) (actuación)
Format: Diapozytyw
Język:angielski
Wydane: EUA : Vision PDG, 1989, c1989
Hasła przedmiotowe:
Etykiety: Dodaj etykietę
Nie ma etykietki, Dołącz pierwszą etykiete!

MARC

LEADER 00000ngm^a2200000^a^4500
001 000184329
005 20250521000000.0
009 20260310102112.419
037 |a Acervo ITESO - Biblioteca 
041 |a ING 
082 |a 810.  |b KIN 
100 |a King, Zalman  |e (realización) 
245 1 0 |a Orquídea salvaje =  |b Wild Orchid /  |c Realización de Z. King. 
264 4 |a EUA :  |b Vision PDG,  |c 1989, c1989 
264 2 |a México :  |b Metro-Goldwyn-Mayer [distribución],  |c 2002, c2002 
300 |a 1 DVD región 4  |c (111 min.) 
336 |a imagen móvil bidimensional  |b tdi  |2 rdacontenido 
337 |a video  |b v  |2 rdamedio 
338 |a videodisco  |b vd  |2 rdasoporte 
546 |a En español e inglés, con subtítulos opcionales: español, francés, inglés, portugués 
649 |a XX 
650 |a Dramas Cinematográficos 
650 |a Cine Norteamericano -  |y 1980-1989 
650 |a Cine Norteamericano -  |y Siglo XX 
650 |a Relaciones de Pareja 
650 |a Sexualidad 
700 |a Knop, Patricia Louisianna  |e (guión) 
700 |a King, Zalman  |e (guión) 
700 |a Tattersall, Gale  |e (fotógrafo) 
700 |a Grossman, Marc  |e (montaje) 
700 |a Morgan, Glenn  |e (montaje) 
700 |a MacCormack, Geoff  |e (música) 
700 |a Goldenberg, Simon  |e (música) 
700 |a Rourke, Mickey  |e (actuación) 
700 |a Bisset, Jacqueline  |e (actuación) 
700 |a Otis, Carré  |e (actuación) 
910 |a Fondo General 
920 |a Audiovisuales - DVDs 
940 |a Películas 
905 |a 302 
901 |a 0500094092  |b IT2  |c DVS  |u 20250521 
902 |a https://opac.biblio.iteso.mx/vufind/Record/000184329